000
00289nam a2200145Ia 4500
100
_a
Sinclair/ Ian R
942
_c
BK
654
_a
Computer
245
_a
Multimedia on the PC
260
_b
B.P.B
_c
1995
082
_a
4.35
_b
SIN
300
_a
194
546
_a
ENGLISH
999
_c
26748
_d
26748